LEADER 01396nam a2200289 u 4500 001 000000104824 003 CaOOAMICUS 005 20070504150217.0 008 070504s1994 ne u000 u eng u 020 $a0-7923-2262-2 040 $aPUL$bita$dLDB 041 1 $aeng$hger 100 1 $aHusserl, Edmund,$d1859-1938.$0(OLS)http://pul/name/10441 245 10$aEarly writings in the philosophy of logic and mathematics /$cEdmund Husserl; translated by Dallas Willard. 260 $aDordrecht :$bKluwer Academic Publishers,$c1994. 300 $axlvii,505 p. ;$c24 cm 490 1 $aEdmund Husserl collected works ;$v5 650 4$aLogica$ySec. XX.$0(OLS)http://pul/subject/26526 650 14$aMatematica$xFilosofia.$0(OLS)http://pul/subject/20379 700 1 $aHusserl, Edmund,$d1859-1938.$tOpere.$0(OLS)http://pul/nameTitle/267$0(OLS)http://pul/name/10441$0(OLS)http://pul/title/5258 830 0$aEdmund Husserl collected works ;$v5.$0(OLS)http://pul/title/131853 850 $aPUL 852 $aPUL$W1$xSL Filosofia 1$y2$m86 N 10.5$j117405$qStampati$B117350$CPULBib$Z2$F117350 $H104290 $82 941 1 $a8 996 $6020$a0-7923-2262-2$9(OLS)http://pul/number/134186 996 $6245$aEarly writings in the philosophy of logic and mathematics$9(OLS)http://pul/title/131859 996 $6260$aDordrecht :$bKluwer Academic Publishers$9(OLS)http://pul/publisher/64503 LEADER 01392nam a2200337 a 4500 001 000000138776 003 CaOOAMICUS 005 20140611134707.0 008 140611s2013 it u001 u ita r 020 $a978-88-372-2758-6 040 $aPUL$bita 041 1 $aita$hger 082 04$a220 100 1 $aStemberger, Günter.$0(OLS)http://pul/name/12739 240 10$aEinführung in die Judaistik.$lItaliano.$0(OLS)http://pul/title/175699 245 10$aIntroduzione all'ebraistica /$cGünter Stemberger ; a cura di Massimiliano De Villa. 260 $aBrescia :$bMorcelliana,$c©2013. 300 $a192 p. ;$c23 cm 490 1 $aAntico e Nuovo Testamento ;$v21 504 $aBbibliografia p. [175]-186. 650 4$aEbraismo.$0(OLS)http://pul/subject/2238 700 1 $aDe Villa, Massimiliano.$0(OLS)http://pul/name/89506 830 0$aAntico e Nuovo Testamento (Morcelliana) ;$v21.$0(OLS)http://pul/title/143086 850 $aPUL 852 $aPUL$W1$xSL Religione 3$y85$m220 COLL 5.21$j160193$qDDC 21$B159641$CPULBib$Z2$F159641 $H124224 $82 941 1 $a9 996 $6020$a978-88-372-2758-6$9(OLS)http://pul/number/155498 996 $6082$a220$9(OLS)http://pul/classification/523 996 $6245$aIntroduzione all'ebraistica$9(OLS)http://pul/title/175700 996 $6260$aBrescia :$bMorcelliana$9(OLS)http://pul/publisher/47854